| Record ID | marc_records_scriblio_net/part05.dat:126337394:674 |
| Source | Scriblio |
| Download Link | /show-records/marc_records_scriblio_net/part05.dat:126337394:674?format=raw |
LEADER: 00674cam 22002291 4500
001 65027414
003 DLC
005 20050813160928.0
008 750131s1965 xx 000 0 eng
010 $a 65027414
035 $a(OCoLC)1158906
040 $aDLC$cOOxM$dDLC
042 $apremarc
050 00 $aHG6036$b.F6
082 $a332.678
100 1 $aFlumiani, Carlo Maria.
245 10 $aStock market charting for fun and profit;$bscience and pseudo-science in stock market charting$c[by] C. M. Flumiani.
250 $a[1st ed.
260 $aNewton Center, Mass.]$bLibrary of Wall Street$c[1965]
300 $a84 p.$billus.$c28 cm.
650 0 $aStocks.
650 0 $aSpeculation.